00884nam a2200265Ia 4500008004100000020001500041050001500056050001500071100001900086245001600105245021100121250001700332260001300349260002900362260000900391300001600400300002600416300001100442500003400453650002900487650002100516700003700537700002800574700001600602160319s9999 xx 000 0 und d a9719344636 aFil 700.1  bS237n 2008 aSantos, Roland aNostalgia / cby Rolando Santos ; text, Marlene Aguilar ; writer, Angela Blardony-Ureta ; contributing writer, Cid Reyes ; editor, Marlene Aguilar ; design and layout, Alexander Pascual ; photography, Demetrio Dela Cruz. a1st edition. aManila : bJamayco Publishing House c2008 a176 pages : bcolor illustrations : c29 cm. a"A Philippine Heritage book." aPainting -- Philippines. aSantos, Rolando. aAguilar, Marlene., added author. aBlardony-Ureta, Angela. aReyes, Cid.